[Event "FICGS class E 000245 email"]
[Site "FICGS email"]
[Date "2023.05.20"]
[Round "1"]
[White "Joubert, Hennie"]
[Black "Forme, Vocihc"]
[Result "0-1"]
[WhiteElo "1504"]
[BlackElo "1500"]
[PlyCount "56"]
[EventDate "2023.??.??"]
[EventType "tourn (corr)"]
[EventRounds "5"]
[SourceTitle "Corr 2024"]
[Source "ChessBase"]
[SourceDate "2023.10.19"]
[SourceVersion "1"]
[SourceVersionDate "2023.10.19"]
[SourceQuality "1"]

1. e4 c5 2. Nf3 d6 3. d4 cxd4 4. Nxd4 Nf6 5. Nc3 a6 6. Be3 e5 7. Nb3 Be7 8. Be2 Be6 9. f3 Nbd7 10. Qd2 Rc8 11. 0-0-0 b5 12. a3 Nb6 13. g4 Nc4 14. Qd3 Nxg4 15. fxg4 Nxe3 16. Rdg1 Bg5 17. Kb1 Bc4 18. Qd2 Nd5 19. Qd1 Nxc3+ 20. bxc3 0-0 21. Kb2 d5 22. exd5 Bxd5 23. h4 Be7 24. Bf3 e4 25. Be2 Qd6 26. Qa1 Rxc3 27. Kxc3 Bf6+ 28. Nd4 Qc5+ 0-1

[Event "FICGS class E 000245 email"]
[Site "FICGS email"]
[Date "2023.05.20"]
[Round "1"]
[White "Pipac, Darko"]
[Black "Joubert, Hennie"]
[Result "1-0"]
[WhiteElo "1284"]
[BlackElo "1504"]
[PlyCount "29"]
[EventDate "2023.??.??"]
[EventType "tourn (corr)"]
[EventRounds "5"]
[SourceTitle "Corr 2024"]
[Source "ChessBase"]
[SourceDate "2023.10.19"]
[SourceVersion "1"]
[SourceVersionDate "2023.10.19"]
[SourceQuality "1"]

1. e4 c5 2. Nf3 e6 3. Nc3 Nc6 4. Bb5 Nge7 5. 0-0 a6 6. Bxc6 Nxc6 7. d3 d6 8. Re1 Be7 9. h3 0-0 10. d4 cxd4 11. Nxd4 Nxd4 12. Qxd4 Bd7 13. b3 Qc7 14. Bb2 Rac8 15. Nd5 1-0

[Event "FICGS class E 000245 email"]
[Site "FICGS email"]
[Date "2023.05.20"]
[Round "1"]
[White "Strohmeier, Josef"]
[Black "Joubert, Hennie"]
[Result "1-0"]
[WhiteElo "1348"]
[BlackElo "1504"]
[PlyCount "51"]
[EventDate "2023.??.??"]
[EventType "tourn (corr)"]
[EventRounds "5"]
[SourceTitle "Corr 2024"]
[Source "ChessBase"]
[SourceDate "2023.10.19"]
[SourceVersion "1"]
[SourceVersionDate "2023.10.19"]
[SourceQuality "1"]

1. e4 c5 2. Nf3 e6 3. d4 cxd4 4. Nxd4 Nf6 5. Nc3 Qb6 6. Nb3 Nc6 7. Be3 Qc7 8. a3 a6 9. Qd2 d6 10. 0-0-0 b5 11. Nd4 Bb7 12. f3 Be7 13. Kb1 0-0 14. h4 Rac8 15. h5 Ne5 16. h6 g6 17. Qf2 Nc4 18. Bxc4 Qxc4 19. g4 d5 20. Qe2 dxe4 21. g5 exf3 22. Qd2 Ng4 23. Rhg1 Nxe3 24. Qxe3 Rc5 25. Nxf3 a5 26. Rd4 1-0

[Event "FICGS class E 000244 email"]
[Site "FICGS email"]
[Date "2023.04.16"]
[Round "1"]
[White "Brand Lyard, Paul"]
[Black "Joubert, Hennie"]
[Result "0-1"]
[WhiteElo "1372"]
[BlackElo "1504"]
[PlyCount "58"]
[EventDate "2023.??.??"]
[EventType "tourn (corr)"]
[EventRounds "5"]
[SourceTitle "Corr 2024"]
[Source "ChessBase"]
[SourceDate "2023.10.19"]
[SourceVersion "1"]
[SourceVersionDate "2023.10.19"]
[SourceQuality "1"]

1. e4 c5 2. Bc4 Nc6 3. Qh5 e6 4. Nf3 Nf6 5. Qg5 Nxe4 6. Qg4 Nf6 7. Qh4 d5 8. Bb5 Bd7 9. Bxc6 Bxc6 10. Ne5 Qc7 11. f4 Be7 12. Nxc6 Qxc6 13. d3 0-0 14. Qg3 c4 15. d4 Ne4 16. Qg4 f5 17. Qh5 g6 18. Qh6 b5 19. h4 Ng3 20. Rh3 Nh5 21. g4 fxg4 22. Re3 Bxh4+ 23. Ke2 Nxf4+ 24. Kd2 Bf2 25. Rf3 gxf3 26. Nc3 b4 27. Nxd5 Qxd5 28. c3 Qe4 29. cxb4 Qd3# 0-1

[Event "FICGS class E 000244 email"]
[Site "FICGS email"]
[Date "2023.04.16"]
[Round "1"]
[White "Goldmund, Heike"]
[Black "Joubert, Hennie"]
[Result "1-0"]
[WhiteElo "1526"]
[BlackElo "1504"]
[PlyCount "53"]
[EventDate "2023.??.??"]
[EventType "tourn (corr)"]
[EventRounds "5"]
[SourceTitle "Corr 2024"]
[Source "ChessBase"]
[SourceDate "2023.10.19"]
[SourceVersion "1"]
[SourceVersionDate "2023.10.19"]
[SourceQuality "1"]

1. e4 c5 2. c3 Nc6 3. d4 cxd4 4. Bc4 e5 5. Nf3 Be7 6. cxd4 exd4 7. Nxd4 Nf6 8. Nxc6 bxc6 9. 0-0 0-0 10. b3 Nxe4 11. Re1 d5 12. Bd3 Nf6 13. Nd2 Bb7 14. Bb2 Bc5 15. Nf3 d4 16. Bc4 Bb6 17. Nxd4 Nd5 18. Nf5 f6 19. Qg4 Rf7 20. Rad1 Kh8 21. Bd4 Bxd4 22. Nxd4 Qc7 23. Ne6 Qd6 24. Bd3 Re8 25. Qh5 g6 26. Bxg6 Ree7 27. Bxf7 1-0

[Event "FICGS class E 000244 email"]
[Site "FICGS email"]
[Date "2023.04.16"]
[Round "1"]
[White "Joubert, Hennie"]
[Black "Goletto, Piero Giuseppe"]
[Result "1-0"]
[WhiteElo "1504"]
[BlackElo "1416"]
[PlyCount "37"]
[EventDate "2023.??.??"]
[EventType "tourn (corr)"]
[EventRounds "5"]
[SourceTitle "Corr 2024"]
[Source "ChessBase"]
[SourceDate "2023.10.19"]
[SourceVersion "1"]
[SourceVersionDate "2023.10.19"]
[SourceQuality "1"]

1. e4 e5 2. Bc4 Nc6 3. Nc3 Nf6 4. d3 d5 5. Nxd5 Be6 6. Nxf6+ gxf6 7. Bxe6 fxe6 8. Nf3 Rg8 9. g3 f5 10. Qe2 Bb4+ 11. c3 Bc5 12. 0-0 fxe4 13. Qxe4 Be7 14. Qxh7 Rf8 15. Qg6+ Rf7 16. Re1 Kf8 17. Re4 Rg7 18. Bh6 Kg8 19. Qxg7# 1-0

[Event "FICGS rapid E 000247 email"]
[Site "FICGS email"]
[Date "2022.10.29"]
[Round "1"]
[White "Jerez, Miriam"]
[Black "Joubert, Hennie"]
[Result "1-0"]
[WhiteElo "991"]
[BlackElo "1541"]
[PlyCount "65"]
[EventDate "2022.??.??"]
[EventType "tourn (rapid)"]
[EventRounds "6"]
[SourceTitle "Corr 2024"]
[Source "ChessBase"]
[SourceDate "2023.10.19"]
[SourceVersion "1"]
[SourceVersionDate "2023.10.19"]
[SourceQuality "1"]

1. e4 c5 2. c4 Nc6 3. Nf3 e6 4. g3 d6 5. d4 cxd4 6. Nxd4 a6 7. Nc3 Nf6 8. Bg2 Be7 9. 0-0 Qc7 10. Nxc6 bxc6 11. Be3 0-0 12. b3 Bb7 13. Na4 c5 14. Bd2 Nxe4 15. Re1 Nxd2 16. Qxd2 Bxg2 17. Kxg2 Rad8 18. Nc3 Bf6 19. Rac1 Qc6+ 20. Kf1 Qh1+ 21. Ke2 Qxh2 22. Rh1 Qg2 23. Rcg1 Qc6 24. g4 Bxc3 25. Qxc3 d5 26. cxd5 exd5 27. b4 c4 28. Qc2 g6 29. a3 d4 30. Kd1 Qf3+ 31. Kc1 Qxa3+ 32. Qb2 Qxb2+ 33. Kxb2 1-0

[Event "FICGS rapid E 000247 email"]
[Site "FICGS email"]
[Date "2022.10.29"]
[Round "1"]
[White "Joubert, Hennie"]
[Black "Piantadosi, Angelo"]
[Result "1-0"]
[WhiteElo "1541"]
[BlackElo "1418"]
[PlyCount "45"]
[EventDate "2022.??.??"]
[EventType "tourn (rapid)"]
[EventRounds "6"]
[SourceTitle "Corr 2024"]
[Source "ChessBase"]
[SourceDate "2023.10.19"]
[SourceVersion "1"]
[SourceVersionDate "2023.10.19"]
[SourceQuality "1"]

1. e4 Nf6 2. e5 Nd5 3. d4 d6 4. c4 Nb6 5. f4 dxe5 6. fxe5 e6 7. Be3 Be7 8. Nc3 0-0 9. Nf3 Nc6 10. Be2 Bd7 11. 0-0 a6 12. Rc1 Nb8 13. Qd2 Na4 14. a3 Nxc3 15. Rxc3 Nc6 16. d5 exd5 17. cxd5 Nb8 18. Rfc1 Re8 19. Rxc7 Bc6 20. Rxe7 Rxe7 21. dxc6 Nxc6 22. Qxd8+ Rxd8 23. Bg5 1-0

[Event "FICGS class E 000243 email"]
[Site "FICGS email"]
[Date "2022.10.25"]
[Round "1"]
[White "Joubert, Hennie"]
[Black "Marcel, Alexis"]
[Result "1-0"]
[WhiteElo "1541"]
[BlackElo "1360"]
[PlyCount "23"]
[EventDate "2022.??.??"]
[EventType "tourn (corr)"]
[EventRounds "5"]
[SourceTitle "Corr 2024"]
[Source "ChessBase"]
[SourceDate "2023.10.19"]
[SourceVersion "1"]
[SourceVersionDate "2023.10.19"]
[SourceQuality "1"]

1. e4 g6 2. d4 Bg7 3. c4 e6 4. Nc3 Ne7 5. Be3 0-0 6. f3 c6 7. Qd2 f5 8. Bh6 d5 9. e5 Nd7 10. Bd3 dxc4 11. Bxc4 Nd5 12. 0-0-0 1-0

[Event "FICGS rapid D 000146 email"]
[Site "FICGS email"]
[Date "2022.10.23"]
[Round "1"]
[White "Joubert, Hennie"]
[Black "Piantadosi, Angelo"]
[Result "0-1"]
[WhiteElo "1541"]
[BlackElo "1418"]
[PlyCount "74"]
[EventDate "2022.??.??"]
[EventType "tourn (rapid)"]
[EventRounds "5"]
[SourceTitle "Corr 2024"]
[Source "ChessBase"]
[SourceDate "2023.10.19"]
[SourceVersion "1"]
[SourceVersionDate "2023.10.19"]
[SourceQuality "1"]

1. e4 c5 2. Nf3 d6 3. d4 cxd4 4. Nxd4 Nf6 5. Nc3 a6 6. Be2 e6 7. Be3 Be7 8. Qd2 0-0 9. 0-0 b5 10. a3 Bb7 11. f3 Nc6 12. Rad1 Rc8 13. Nxc6 Bxc6 14. Bg5 d5 15. Bxf6 Bxf6 16. exd5 Bxc3 17. Qxc3 Bxd5 18. Qd3 Qb6+ 19. Kh1 Bc4 20. Qd2 Bxe2 21. Qxe2 Rfd8 22. c3 g6 23. h3 Qc7 24. Rd3 Rxd3 25. Qxd3 Rd8 26. Qe2 Qf4 27. Rd1 Rxd1+ 28. Qxd1 Kg7 29. Qd4+ e5 30. Qxf4 exf4 31. Kg1 Kf6 32. Kf1 Ke5 33. Ke2 Kd5 34. Kd3 f5 35. b3 g5 36. c4+ bxc4+ 37. bxc4+ Kc5 0-1

[Event "FICGS class D 000289 email"]
[Site "FICGS email"]
[Date "2022.10.19"]
[Round "1"]
[White "Csoma, Robert"]
[Black "Joubert, Hennie"]
[Result "1-0"]
[WhiteElo "1752"]
[BlackElo "1541"]
[PlyCount "67"]
[EventDate "2022.??.??"]
[EventType "tourn (corr)"]
[EventRounds "6"]
[SourceTitle "Corr 2024"]
[Source "ChessBase"]
[SourceDate "2023.10.19"]
[SourceVersion "1"]
[SourceVersionDate "2023.10.19"]
[SourceQuality "1"]

1. e4 c5 2. Nf3 e6 3. d4 cxd4 4. Nxd4 Nf6 5. Bd3 Qb6 6. c3 Nc6 7. Nxc6 bxc6 8. 0-0 d5 9. exd5 cxd5 10. Nd2 Bc5 11. Nb3 Be7 12. Be3 Qc7 13. Qe2 Bb7 14. Bb5+ Bc6 15. Bxc6+ Qxc6 16. Nd4 Qc7 17. Nb5 Qc6 18. Nxa7 Qb7 19. Nb5 0-0 20. a4 Ne4 21. f3 Nf6 22. b4 Rfc8 23. Rfc1 Rc4 24. Na3 Rc6 25. b5 Rc7 26. Qd1 Bxa3 27. Rxa3 Rc4 28. Qb3 Nd7 29. a5 Nc5 30. Bxc5 Rxc5 31. Rb1 Rac8 32. b6 Rc4 33. a6 Qc6 34. b7 1-0

[Event "FICGS class D 000289 email"]
[Site "FICGS email"]
[Date "2022.10.19"]
[Round "1"]
[White "Pintor, Manuel"]
[Black "Joubert, Hennie"]
[Result "1-0"]
[WhiteElo "1693"]
[BlackElo "1541"]
[PlyCount "47"]
[EventDate "2022.??.??"]
[EventType "tourn (corr)"]
[EventRounds "6"]
[SourceTitle "Corr 2024"]
[Source "ChessBase"]
[SourceDate "2023.10.19"]
[SourceVersion "1"]
[SourceVersionDate "2023.10.19"]
[SourceQuality "1"]

1. e4 c5 2. f4 Nc6 3. Bc4 e6 4. c3 d5 5. exd5 exd5 6. Bb3 Nf6 7. Nf3 Bd6 8. d4 c4 9. Bc2 0-0 10. 0-0 Bg4 11. Qe1 Qc7 12. Ne5 Rae8 13. Qg3 Bh5 14. Nd2 Bg6 15. Nxg6 fxg6 16. Nf3 Nh5 17. Qg4 Nxf4 18. Ng5 h6 19. Bxf4 Bxf4 20. Ne6 Be3+ 21. Kh1 Rxf1+ 22. Rxf1 Qe7 23. Nc5 b6 24. Qxg6 1-0

[Event "LSS No Engine Cup 230 Preliminary 0"]
[Site "LSS email"]
[Date "2022.10.08"]
[Round "?"]
[White "Grillo, Roberto"]
[Black "Joubert, Hennie"]
[Result "1-0"]
[WhiteElo "2097"]
[BlackElo "1318"]
[PlyCount "51"]
[EventDate "2022.10.08"]
[EventType "tourn (corr)"]
[EventRounds "6"]
[EventCountry "GER"]
[SourceTitle "Corr 2024"]
[Source "ChessBase"]
[SourceDate "2023.10.19"]
[SourceVersion "1"]
[SourceVersionDate "2023.10.19"]
[SourceQuality "1"]

1. d4 Nf6 2. c4 c5 3. d5 b5 4. cxb5 a6 5. bxa6 g6 6. Nc3 Bg7 7. g3 0-0 8. Bg2 d6 9. Nf3 Bxa6 10. Rb1 Nbd7 11. 0-0 Qc7 12. b3 Rfb8 13. Qc2 Rb7 14. Bb2 Ng4 15. Rfc1 Rab8 16. h3 Nge5 17. Nd2 f5 18. f4 Nf7 19. e4 fxe4 20. Ncxe4 Bxb2 21. Qxb2 Rb4 22. Re1 Bd3 23. Rbc1 Rd4 24. Nxc5 dxc5 25. Qxd4 cxd4 26. Rxc7 1-0

[Event "LSS No Engine Cup 230 Preliminary 0"]
[Site "LSS email"]
[Date "2022.10.08"]
[Round "?"]
[White "Mostowik, Pawel"]
[Black "Joubert, Hennie"]
[Result "1-0"]
[WhiteElo "2153"]
[BlackElo "1318"]
[PlyCount "35"]
[EventDate "2022.10.08"]
[EventType "tourn (corr)"]
[EventRounds "6"]
[EventCountry "GER"]
[SourceTitle "Corr 2024"]
[Source "ChessBase"]
[SourceDate "2023.10.19"]
[SourceVersion "1"]
[SourceVersionDate "2023.10.19"]
[SourceQuality "1"]

1. d4 d5 2. c4 e5 3. dxe5 d4 4. Nf3 Nc6 5. a3 Nge7 6. b4 Ng6 7. Bb2 Be7 8. Nxd4 Ncxe5 9. e3 0-0 10. Be2 c5 11. bxc5 Bxc5 12. 0-0 Qg5 13. f4 Qh6 14. fxe5 Qxe3+ 15. Kh1 Nxe5 16. Nc2 Qg5 17. Qd5 b6 18. Qxe5 1-0

[Event "FICGS rapid D 000144 email"]
[Site "FICGS email"]
[Date "2022.06.27"]
[Round "1"]
[White "Haack, Stefan"]
[Black "Joubert, Hennie"]
[Result "1-0"]
[WhiteElo "1404"]
[BlackElo "1452"]
[PlyCount "53"]
[EventDate "2022.??.??"]
[EventType "tourn (rapid)"]
[EventRounds "5"]
[SourceTitle "Corr 2024"]
[Source "ChessBase"]
[SourceDate "2023.10.19"]
[SourceVersion "1"]
[SourceVersionDate "2023.10.19"]
[SourceQuality "1"]

1. d4 d5 2. Nf3 g6 3. c4 dxc4 4. Nc3 Bg7 5. e4 e6 6. Bxc4 Ne7 7. 0-0 0-0 8. Be3 c6 9. Qd2 b5 10. Bd3 Bb7 11. h4 Nd7 12. Rac1 a6 13. h5 f5 14. Rfd1 c5 15. h6 Bf6 16. dxc5 Rc8 17. Bc2 Rc7 18. Bb3 Kf7 19. Qd6 fxe4 20. Qxe6+ Ke8 21. Ng5 Rc6 22. Rd6 Rxd6 23. cxd6 Bxg5 24. Bxg5 Nc5 25. Qe5 Nd3 26. dxe7 Nxe5 27. exd8Q# 1-0

[Event "FICGS rapid D 000144 email"]
[Site "FICGS email"]
[Date "2022.06.27"]
[Round "1"]
[White "Joubert, Hennie"]
[Black "Benone, Mateia"]
[Result "0-1"]
[WhiteElo "1452"]
[BlackElo "1601"]
[PlyCount "42"]
[EventDate "2022.??.??"]
[EventType "tourn (rapid)"]
[EventRounds "5"]
[SourceTitle "Corr 2024"]
[Source "ChessBase"]
[SourceDate "2023.10.19"]
[SourceVersion "1"]
[SourceVersionDate "2023.10.19"]
[SourceQuality "1"]

1. e4 c5 2. Nf3 Nc6 3. d4 cxd4 4. Nxd4 g6 5. c4 Bg7 6. Be3 Nf6 7. Nc3 Ng4 8. Qxg4 Nxd4 9. 0-0-0 d6 10. Qg3 Nc6 11. Nd5 Qa5 12. a3 Be6 13. f4 Rc8 14. f5 Bxd5 15. Rxd5 Qa4 16. Bd2 b5 17. Rxb5 Nd4 18. Qd3 Nxb5 19. Kb1 Qd1+ 20. Ka2 Nxa3 21. bxa3 Rb8 0-1

[Event "FICGS class D 000284 email"]
[Site "FICGS email"]
[Date "2022.03.21"]
[Round "1"]
[White "Joubert, Hennie"]
[Black "Goldmund, Heike"]
[Result "1-0"]
[WhiteElo "1445"]
[BlackElo "1414"]
[PlyCount "95"]
[EventDate "2022.??.??"]
[EventType "tourn (corr)"]
[EventRounds "6"]
[SourceTitle "Corr 2024"]
[Source "ChessBase"]
[SourceDate "2023.10.19"]
[SourceVersion "1"]
[SourceVersionDate "2023.10.19"]
[SourceQuality "1"]

1. e4 d5 2. exd5 Qxd5 3. Nc3 Qa5 4. d4 Nf6 5. Nf3 Bg4 6. Be2 e6 7. Bd2 c6 8. Ne4 Qc7 9. Nxf6+ gxf6 10. 0-0 Rg8 11. Kh1 Bd6 12. h3 Bf5 13. c4 Nd7 14. c5 Bf4 15. Bxf4 Qxf4 16. g3 Qh6 17. h4 0-0-0 18. Qa4 Kb8 19. b4 Be4 20. b5 f5 21. bxc6 Bxc6 22. Qb4 Qh5 23. Kh2 Bxf3 24. Bxf3 Qxf3 25. Rab1 Nf6 26. Rb3 Qe2 27. Kg2 Qe4+ 28. f3 Qe2+ 29. Rf2 Qa6 30. Rfb2 Rd7 31. Qc3 Nd5 32. Qc2 Nf4+ 33. Kh2 Nh5 34. c6 Rc7 35. Rxb7+ Rxb7 36. Rxb7+ Ka8 37. Rxf7 h6 38. g4 fxg4 39. fxg4 Ng7 40. c7 Qd6+ 41. Kh3 Qa3+ 42. Kg2 Qa6 43. Rxg7 Qb7+ 44. Kg3 Rf8 45. Rf7 Rg8 46. Rd7 Rf8 47. Rd8+ Qc8 48. Qc6# 1-0

[Event "FICGS rapid E 000246 email"]
[Site "FICGS email"]
[Date "2022.02.15"]
[Round "1"]
[White "Dominguez Rodriguez, Yosvany"]
[Black "Joubert, Hennie"]
[Result "1-0"]
[WhiteElo "1763"]
[BlackElo "1438"]
[PlyCount "49"]
[EventDate "2022.??.??"]
[EventType "tourn (rapid)"]
[EventRounds "6"]
[SourceTitle "Corr 2024"]
[Source "ChessBase"]
[SourceDate "2023.10.19"]
[SourceVersion "1"]
[SourceVersionDate "2023.10.19"]
[SourceQuality "1"]

1. e4 c5 2. Nc3 Nc6 3. Nf3 e6 4. d4 cxd4 5. Nxd4 d6 6. Be3 a6 7. g4 h6 8. Qd2 Nf6 9. f3 Be7 10. 0-0-0 Qc7 11. h4 Ne5 12. Rg1 b5 13. g5 hxg5 14. hxg5 Nfd7 15. f4 Nc4 16. Bxc4 Qxc4 17. b3 Qc7 18. g6 Nf6 19. e5 dxe5 20. gxf7+ Kxf7 21. fxe5 Qxe5 22. Nc6 Qc7 23. Nxe7 Qxe7 24. Qg2 Bd7 25. Qxg7+ 1-0

[Event "FICGS rapid E 000246 email"]
[Site "FICGS email"]
[Date "2022.02.15"]
[Round "1"]
[White "Wood, Brian"]
[Black "Joubert, Hennie"]
[Result "0-1"]
[WhiteElo "1158"]
[BlackElo "1438"]
[PlyCount "44"]
[EventDate "2022.??.??"]
[EventType "tourn (rapid)"]
[EventRounds "6"]
[SourceTitle "Corr 2024"]
[Source "ChessBase"]
[SourceDate "2023.10.19"]
[SourceVersion "1"]
[SourceVersionDate "2023.10.19"]
[SourceQuality "1"]

1. d4 d5 2. c4 e5 3. dxe5 d4 4. a3 Nc6 5. Nf3 Nge7 6. e3 dxe3 7. Qxd8+ Kxd8 8. Bxe3 Bg4 9. Be2 Ng6 10. Bg5+ Be7 11. Bxe7+ Kxe7 12. 0-0 Ngxe5 13. Nc3 Nxf3+ 14. Bxf3 Bxf3 15. gxf3 Ne5 16. Rfe1 Kf6 17. Ne4+ Kg6 18. Kg2 Rhe8 19. b3 Rad8 20. Rad1 f6 21. Rxd8 Rxd8 22. h3 Rd3 0-1

[Event "LSS No Engine Cup 225 Preliminary 0"]
[Site "LSS email"]
[Date "2022.02.02"]
[Round "?"]
[White "Schleef, Harald"]
[Black "Joubert, Hennie"]
[Result "1-0"]
[WhiteElo "2358"]
[BlackElo "1351"]
[PlyCount "31"]
[EventDate "2022.02.02"]
[EventType "tourn (corr)"]
[EventRounds "6"]
[EventCountry "GER"]
[SourceTitle "Corr 2024"]
[Source "ChessBase"]
[SourceDate "2023.10.19"]
[SourceVersion "1"]
[SourceVersionDate "2023.10.19"]
[SourceQuality "1"]

1. e4 c5 2. Nf3 e6 3. d4 cxd4 4. Nxd4 Nf6 5. Nc3 Qb6 6. e5 Bc5 7. Ndb5 Nd5 8. Ne4 0-0 9. c4 Bb4+ 10. Bd2 Bxd2+ 11. Qxd2 Ne7 12. 0-0-0 f5 13. exf6 gxf6 14. Qh6 Ng6 15. h4 f5 16. Ng5 1-0

[Event "FICGS class F 000232 email"]
[Site "FICGS email"]
[Date "2021.11.01"]
[Round "1"]
[White "Joubert, Hennie"]
[Black "Wood, Brian"]
[Result "0-1"]
[WhiteElo "1399"]
[BlackElo "1158"]
[PlyCount "44"]
[EventDate "2021.??.??"]
[EventType "tourn (corr)"]
[EventRounds "5"]
[SourceTitle "Corr 2024"]
[Source "ChessBase"]
[SourceDate "2023.10.19"]
[SourceVersion "1"]
[SourceVersionDate "2023.10.19"]
[SourceQuality "1"]

1. e4 c6 2. d4 d5 3. Nd2 dxe4 4. Nxe4 Bf5 5. Ng3 Bg6 6. Nf3 Nf6 7. Ne5 e6 8. Nxg6 hxg6 9. Bd3 Qa5+ 10. c3 Bd6 11. 0-0 Bxg3 12. fxg3 Nbd7 13. Bf4 0-0-0 14. b4 Qh5 15. Qa4 Nb6 16. Qxa7 Qxh2+ 17. Kf2 Ng4+ 18. Ke1 e5 19. Qxb6 exf4 20. gxf4 Rhe8+ 21. Kd1 Ne3+ 22. Kc1 Nxf1 0-1

[Event "FICGS class F 000232 email"]
[Site "FICGS email"]
[Date "2021.11.01"]
[Round "1"]
[White "Pipac, Darko"]
[Black "Joubert, Hennie"]
[Result "1-0"]
[WhiteElo "1316"]
[BlackElo "1399"]
[PlyCount "75"]
[EventDate "2021.??.??"]
[EventType "tourn (corr)"]
[EventRounds "5"]
[SourceTitle "Corr 2024"]
[Source "ChessBase"]
[SourceDate "2023.10.19"]
[SourceVersion "1"]
[SourceVersionDate "2023.10.19"]
[SourceQuality "1"]

1. e4 c5 2. Nf3 e6 3. c3 Nc6 4. a3 d6 5. Bb5 Bd7 6. d4 cxd4 7. Nxd4 Nf6 8. Bg5 h6 9. Bh4 g5 10. Bg3 Nxe4 11. Bxc6 Bxc6 12. Nxc6 bxc6 13. f3 Nxg3 14. hxg3 Bg7 15. Nd2 0-0 16. Ne4 d5 17. Nc5 Qb6 18. Nd7 Qe3+ 19. Qe2 Qxe2+ 20. Kxe2 Rfd8 21. Nc5 Rab8 22. Rab1 Rb5 23. Nd3 Rdb8 24. Nb4 c5 25. a4 R5b6 26. Nd3 c4 27. Nb4 a5 28. Nc2 Rxb2 29. Rxb2 Rxb2 30. Kd2 Ra2 31. Ra1 Rxa1 32. Nxa1 Kf8 33. Nc2 Ke7 34. Na3 Kd6 35. Nb5+ Kc5 36. f4 f6 37. Nc7 e5 38. Ne6+ 1-0

[Event "FICGS rapid D 000140 email"]
[Site "FICGS email"]
[Date "2021.10.06"]
[Round "1"]
[White "Goldmund, Heike"]
[Black "Joubert, Hennie"]
[Result "0-1"]
[WhiteElo "1318"]
[BlackElo "1399"]
[PlyCount "64"]
[EventDate "2021.??.??"]
[EventType "tourn (rapid)"]
[EventRounds "5"]
[SourceTitle "Corr 2024"]
[Source "ChessBase"]
[SourceDate "2023.10.19"]
[SourceVersion "1"]
[SourceVersionDate "2023.10.19"]
[SourceQuality "1"]

1. e4 c5 2. b4 cxb4 3. a3 bxa3 4. Nxa3 Nc6 5. Nf3 d6 6. d4 Nf6 7. Bb5 Bd7 8. c3 e6 9. 0-0 Be7 10. Nc4 Nxe4 11. Qd3 Nf6 12. Ba3 a6 13. Ba4 0-0 14. Rab1 Rb8 15. Rfe1 b5 16. Bxb5 axb5 17. Ncd2 Na5 18. c4 bxc4 19. Nxc4 Nxc4 20. Qxc4 Qa5 21. Bb4 Qb5 22. Qxb5 Rxb5 23. Nd2 Nd5 24. Ba3 Rfb8 25. Rec1 Rxb1 26. Nxb1 Bf6 27. Bxd6 Rb6 28. Bc5 Rb2 29. Ba3 Ra2 30. g3 Bxd4 31. Rd1 Bxf2+ 32. Kf1 Ne3# 0-1

[Event "FICGS rapid D 000140 email"]
[Site "FICGS email"]
[Date "2021.10.06"]
[Round "1"]
[White "Joubert, Hennie"]
[Black "Brand Lyard, Paul"]
[Result "1-0"]
[WhiteElo "1399"]
[BlackElo "1677"]
[PlyCount "41"]
[EventDate "2021.??.??"]
[EventType "tourn (rapid)"]
[EventRounds "5"]
[SourceTitle "Corr 2024"]
[Source "ChessBase"]
[SourceDate "2023.10.19"]
[SourceVersion "1"]
[SourceVersionDate "2023.10.19"]
[SourceQuality "1"]

1. e4 e5 2. Bc4 Bc5 3. d4 exd4 4. Bxf7+ Kxf7 5. Qh5+ g6 6. Qxc5 Qh4 7. Qd5+ Ke7 8. Qxd4 Qf6 9. e5 Qc6 10. Nf3 Qxc2 11. 0-0 d6 12. exd6+ cxd6 13. Qxh8 h5 14. Bg5+ Kd7 15. Qxg8 Qxb2 16. Qd8+ Kc6 17. Qxc8+ Kd5 18. Rd1+ Ke4 19. Nc3+ Qxc3 20. Qe6+ Qe5 21. Rd4# 1-0

[Event "FICGS rapid D 000140 email"]
[Site "FICGS email"]
[Date "2021.10.06"]
[Round "1"]
[White "Joubert, Hennie"]
[Black "Cirovic, Zeljko"]
[Result "0-1"]
[WhiteElo "1399"]
[BlackElo "1575"]
[PlyCount "62"]
[EventDate "2021.??.??"]
[EventType "tourn (rapid)"]
[EventRounds "5"]
[SourceTitle "Corr 2024"]
[Source "ChessBase"]
[SourceDate "2023.10.19"]
[SourceVersion "1"]
[SourceVersionDate "2023.10.19"]
[SourceQuality "1"]

1. e4 c5 2. Nf3 e6 3. d4 cxd4 4. Nxd4 Nc6 5. c4 Nxd4 6. Qxd4 f6 7. Nc3 Bb4 8. Bd2 Ne7 9. Bd3 Bxc3 10. Bxc3 0-0 11. 0-0-0 b6 12. Qe3 Bb7 13. e5 Nf5 14. Bxf5 exf5 15. e6 Re8 16. Qf4 Rxe6 17. Qxf5 Be4 18. Qg4 Bg6 19. f4 Re4 20. Rxd7 Qe8 21. Rhd1 Rxc4 22. Qf3 Rac8 23. f5 Bh5 24. Qd5+ Kh8 25. Kb1 Bxd1 26. Qxd1 b5 27. a3 a5 28. Qd6 b4 29. Bxf6 Rc1+ 30. Ka2 Qg8+ 31. Qd5 gxf6 0-1

[Event "LSS No Engine Cup 221 Preliminary 0"]
[Site "LSS email"]
[Date "2021.09.14"]
[Round "?"]
[White "Joubert, Hennie"]
[Black "Csoma, Robert"]
[Result "0-1"]
[WhiteElo "1600"]
[BlackElo "1374"]
[PlyCount "66"]
[EventDate "2021.09.14"]
[EventType "tourn (corr)"]
[EventRounds "6"]
[EventCountry "GER"]
[SourceTitle "Corr 2024"]
[Source "ChessBase"]
[SourceDate "2023.10.19"]
[SourceVersion "1"]
[SourceVersionDate "2023.10.19"]
[SourceQuality "1"]

1. e4 c5 2. Nf3 d6 3. d4 cxd4 4. Nxd4 Nf6 5. Nc3 e6 6. Be3 Be7 7. Be2 0-0 8. Qd2 Bd7 9. 0-0-0 Nc6 10. g4 a6 11. g5 Ne8 12. f4 b5 13. Bf3 b4 14. Nce2 a5 15. e5 d5 16. h4 Nc7 17. h5 a4 18. Nxc6 Bxc6 19. g6 b3 20. cxb3 axb3 21. a3 Rc8 22. gxh7+ Kxh7 23. f5 exf5 24. Nf4 Ne6 25. Kb1 Nxf4 26. Bxf4 d4 27. Bxc6 Rxc6 28. Qxd4 Qa5 29. Qd3 Qa4 30. Qxf5+ Kg8 31. Rh2 Bxa3 32. bxa3 Qxa3 33. Rb2 Ra8 0-1